| 000 | 01101cab a2200349 4500 | ||
|---|---|---|---|
| 001 | WB3145-57 | ||
| 008 | 090401t1995 xxu||||| |||| 00| 0 eng d | ||
| 035 | _a(Sirsi) u40920 | ||
| 041 | _aeng | ||
| 245 | _aDisaster from starts to finish | ||
| 260 | _c1995 | ||
| 350 | _a0 | ||
| 490 |
_aGuardian _vSociety, 29 November 1995, 2-3(2) |
||
| 520 | _aA Guardian Society survey questions various housing professionals on their views of trends in housing starts and completions over the last 16 years. | ||
| 650 | _aASSOCIATION OF DISTRICT COUNCILS | ||
| 650 | _aASSOCIATION OF METROPOLITAN AUTHORITIES | ||
| 650 | _aCIH | ||
| 650 | _aCOUNCIL OF MORTGAGE LENDERS | ||
| 650 | _aHANSON BRICK LTD | ||
| 650 | _aHOUSE BUILDERS FEDERATION | ||
| 650 | _aHOUSING TENURE | ||
| 650 | _aNATIONAL FEDERATION OF HOUSING ASSOCIATIONS | ||
| 650 | _aNEW HOMES | ||
| 650 | _aSHELTER | ||
| 650 | _aSTARTS AND COMPLETIONS | ||
| 650 | _aTHE ROYAL INSTITUTION OF CHARTERED SURVEYORS | ||
| 650 | _aTRENDS | ||
| 690 | _aHOUSING | ||
| 690 | _aSPECIAL REPORTS | ||
| 942 | _n0 | ||
| 948 | _c04/03/1997 | ||
| 999 |
_c26239 _d26239 |
||